000 00499nam a2200169Ia 4500
005 20250923144429.0
008 008 250917s9999 xx 000 0 eng d
037 _aTextual
040 _aDSWL
_beng
_cDSWL
041 _aeng
_2eng
084 _aV1N4.:3.1sN4.8, N48
_qDSWL
245 0 _aReport on the activities of the organisation in 1948
_cbyDirector General UNESCO
260 _c1948
300 _a119 p.
942 _cTEXL
_hV1N4.:3.1sN4.8, N48
999 _c1438796
_d1438796